[Event "DEM U10w 2022"]
[Site "Willingen GER"]
[Date "2022.06.07"]
[Round "5"]
[White "Glotz, Katharina"]
[Black "Schirmbeck, Lilian"]
[Result "0-1"]
[Termination "normal"]
[Board "4"]
[WhiteElo "1067"]
[BlackElo "980"]
[WhiteClock "00:12:25"]
[BlackClock "00:16:02"]
[PlyCount "100"]
[WhiteFideId "34631011"]
[BlackFideId "34620532"]
[EventCountry "GER"]
[EventRounds "11"]
[EventType "swiss"]
[EventDate "2022.06.04"]

1. e4 {[%clk 01:15:57]} {[%emt 00:00:02]} e5 {[%clk 01:16:21]} {[%emt
00:00:09]} 2. Nf3 {[%clk 01:16:13]} {[%emt 00:00:13]} Nc6 {[%clk 01:16:34]}
{[%emt 00:00:18]} 3. Bc4 {[%clk 01:16:32]} {[%emt 00:00:11]} Bc5 {[%clk
01:16:45]} {[%emt 00:00:19]} 4. O-O {[%clk 01:16:49]} {[%emt 00:00:13]} Nf6
{[%clk 01:16:48]} {[%emt 00:00:28]} 5. d3 {[%clk 01:08:34]} {[%emt 00:08:44]}
d6 {[%clk 01:07:42]} {[%emt 00:09:36]} 6. h3 {[%clk 01:07:06]} {[%emt
00:01:58]} h6 {[%clk 01:03:47]} {[%emt 00:04:25]} 7. Be3 {[%clk 01:03:18]}
{[%emt 00:04:18]} Bb6 {[%clk 01:00:47]} {[%emt 00:03:30]} 8. Nc3 {[%clk
01:01:12]} {[%emt 00:02:35]} g5 {[%clk 00:49:56]} {[%emt 00:11:22]} 9. Bb5
{[%clk 00:48:12]} {[%emt 00:13:29]} Bd7 {[%clk 00:43:35]} {[%emt 00:06:53]} 10.
d4 {[%clk 00:43:19]} {[%emt 00:05:22]} g4 {[%clk 00:37:07]} {[%emt 00:06:58]}
11. hxg4 {[%clk 00:37:43]} {[%emt 00:06:06]} a6 {[%clk 00:31:59]} {[%emt
00:05:38]} 12. Ba4 {[%clk 00:33:11]} {[%emt 00:05:02]} h5 {[%clk 00:28:16]}
{[%emt 00:04:14]} 13. gxh5 {[%clk 00:26:33]} {[%emt 00:07:07]} Rxh5 {[%clk
00:21:22]} {[%emt 00:07:24]} 14. Bg5 {[%clk 00:23:28]} {[%emt 00:03:35]} Nxd4
{[%clk 00:15:26]} {[%emt 00:06:26]} 15. Bxf6 {[%clk 00:13:46]} {[%emt
00:10:12]} Qxf6 {[%clk 00:15:43]} {[%emt 00:00:13]} 16. Nxd4 {[%clk 00:14:06]}
{[%emt 00:00:11]} Qh4 {[%clk 00:15:46]} {[%emt 00:00:27]} 17. Qxh5 {[%clk
00:10:22]} {[%emt 00:04:13]} Qxh5 {[%clk 00:15:50]} {[%emt 00:00:25]} 18. Nf5
{[%clk 00:10:38]} {[%emt 00:00:14]} O-O-O {[%clk 00:15:34]} {[%emt 00:00:46]}
19. Bxd7+ {[%clk 00:09:47]} {[%emt 00:01:21]} Kxd7 {[%clk 00:15:09]} {[%emt
00:00:56]} 20. Ng3 {[%clk 00:09:45]} {[%emt 00:00:32]} Qh7 {[%clk 00:15:23]}
{[%emt 00:00:15]} 21. Nd5 {[%clk 00:10:01]} {[%emt 00:00:15]} Qh4 {[%clk
00:14:47]} {[%emt 00:01:05]} 22. Nf5 {[%clk 00:10:02]} {[%emt 00:00:29]} Qh8
{[%clk 00:14:22]} {[%emt 00:00:55]} 23. c4 {[%clk 00:09:58]} {[%emt 00:00:34]}
Kc8 {[%clk 00:14:02]} {[%emt 00:00:51]} 24. Nfe7+ {[%clk 00:10:11]} {[%emt
00:00:17]} Kb8 {[%clk 00:14:00]} {[%emt 00:00:32]} 25. Nf5 {[%clk 00:10:23]}
{[%emt 00:00:18]} Rg8 {[%clk 00:13:04]} {[%emt 00:01:26]} 26. Nde3 {[%clk
00:10:28]} {[%emt 00:00:25]} Bxe3 {[%clk 00:13:13]} {[%emt 00:00:21]} 27. Nxe3
{[%clk 00:10:49]} {[%emt 00:00:09]} Qh4 {[%clk 00:13:08]} {[%emt 00:00:34]} 28.
f3 {[%clk 00:11:01]} {[%emt 00:00:19]} Qg5 {[%clk 00:12:48]} {[%emt 00:00:50]}
29. Rfe1 {[%clk 00:11:15]} {[%emt 00:00:16]} Qg3 {[%clk 00:12:12]} {[%emt
00:01:06]} 30. Re2 {[%clk 00:11:21]} {[%emt 00:00:22]} Qxf3 {[%clk 00:12:06]}
{[%emt 00:00:37]} 31. Rae1 {[%clk 00:11:05]} {[%emt 00:00:47]} Qxe4 {[%clk
00:12:17]} {[%emt 00:00:19]} 32. b3 {[%clk 00:11:15]} {[%emt 00:00:20]} Qg6
{[%clk 00:12:16]} {[%emt 00:00:31]} 33. Nd5 {[%clk 00:11:36]} {[%emt 00:00:09]}
Qg5 {[%clk 00:12:15]} {[%emt 00:00:31]} 34. Rf1 {[%clk 00:11:47]} {[%emt
00:00:18]} f5 {[%clk 00:12:31]} {[%emt 00:00:14]} 35. b4 {[%clk 00:11:49]}
{[%emt 00:00:28]} Qg4 {[%clk 00:12:43]} {[%emt 00:00:18]} 36. Ne3 {[%clk
00:11:41]} {[%emt 00:00:38]} Qh4 {[%clk 00:12:34]} {[%emt 00:00:40]} 37. Rxf5
{[%clk 00:11:44]} {[%emt 00:00:27]} Qe4 {[%clk 00:12:47]} {[%emt 00:00:16]} 38.
b5 {[%clk 00:11:41]} {[%emt 00:00:34]} axb5 {[%clk 00:12:50]} {[%emt 00:00:27]}
39. cxb5 {[%clk 00:12:02]} {[%emt 00:00:09]} d5 {[%clk 00:12:55]} {[%emt
00:00:25]} 40. Rff2 {[%clk 00:11:50]} {[%emt 00:00:41]} Qb1+ {[%clk 00:13:09]}
{[%emt 00:00:17]} 41. Rf1 {[%clk 00:12:06]} {[%emt 00:00:14]} Qxb5 {[%clk
00:13:32]} {[%emt 00:00:06]} 42. Ref2 {[%clk 00:11:48]} {[%emt 00:00:46]} Qc5
{[%clk 00:13:45]} {[%emt 00:00:20]} 43. Nc2 {[%clk 00:11:24]} {[%emt 00:00:53]}
Rf8 {[%clk 00:13:55]} {[%emt 00:00:22]} 44. a4 {[%clk 00:11:39]} {[%emt
00:01:19]} Rxf2 {[%clk 00:14:16]} {[%emt 00:00:09]} 45. Rxf2 {[%clk 00:11:53]}
{[%emt 00:00:16]} e4 {[%clk 00:14:39]} {[%emt 00:00:07]} 46. Na1 {[%clk
00:11:40]} {[%emt 00:00:42]} e3 {[%clk 00:14:57]} {[%emt 00:00:12]} 47. Re2
{[%clk 00:11:59]} {[%emt 00:00:08]} Qc1+ {[%clk 00:15:12]} {[%emt 00:00:18]}
48. Kh2 {[%clk 00:12:18]} {[%emt 00:00:11]} Qxa1 {[%clk 00:15:16]} {[%emt
00:00:26]} 49. Rxe3 {[%clk 00:12:24]} {[%emt 00:00:25]} Qxa4 {[%clk 00:15:38]}
{[%emt 00:00:07]} 50. Re8+ {[%clk 00:12:25]} {[%emt 00:00:29]} Qxe8 {[%clk
00:16:02]} {[%emt 00:00:06]} 0-1

[Event "DEM U10w 2022"]
[Site "Willingen GER"]
[Date "2022.06.07"]
[Round "5"]
[White "Klymenko, Mariia"]
[Black "Englert, Ann"]
[Result "0-1"]
[Termination "normal"]
[Board "5"]
[WhiteElo "871"]
[BlackElo "1059"]
[WhiteClock "00:29:58"]
[BlackClock "00:57:07"]
[PlyCount "84"]
[WhiteFideId "34620621"]
[BlackFideId "34606181"]
[EventCountry "GER"]
[EventRounds "11"]
[EventType "swiss"]
[EventDate "2022.06.04"]

1. e4 {[%clk 01:15:57]} {[%emt 00:00:02]} c5 {[%clk 01:15:56]} {[%emt
00:00:05]} 2. f4 {[%clk 01:16:22]} {[%emt 00:00:06]} Nc6 {[%clk 01:16:20]}
{[%emt 00:00:05]} 3. Nf3 {[%clk 01:16:39]} {[%emt 00:00:13]} g6 {[%clk
01:16:36]} {[%emt 00:00:15]} 4. Bb5 {[%clk 01:16:50]} {[%emt 00:00:18]} Bg7
{[%clk 01:16:47]} {[%emt 00:00:20]} 5. c3 {[%clk 01:17:12]} {[%emt 00:00:07]}
a6 {[%clk 01:17:04]} {[%emt 00:00:14]} 6. Ba4 {[%clk 01:17:34]} {[%emt
00:00:07]} b5 {[%clk 01:17:16]} {[%emt 00:00:17]} 7. Bc2 {[%clk 01:17:57]}
{[%emt 00:00:09]} d6 {[%clk 01:17:00]} {[%emt 00:00:45]} 8. O-O {[%clk
01:17:53]} {[%emt 00:00:34]} Nf6 {[%clk 01:17:22]} {[%emt 00:00:09]} 9. d3
{[%clk 01:18:13]} {[%emt 00:00:07]} O-O {[%clk 01:17:42]} {[%emt 00:00:12]} 10.
Kh1 {[%clk 01:18:26]} {[%emt 00:00:17]} a5 {[%clk 01:16:13]} {[%emt 00:01:56]}
11. b3 {[%clk 01:14:24]} {[%emt 00:04:32]} Nd7 {[%clk 01:14:51]} {[%emt
00:01:55]} 12. d4 {[%clk 01:11:04]} {[%emt 00:03:50]} Ba6 {[%clk 01:10:08]}
{[%emt 00:05:14]} 13. Re1 {[%clk 01:10:51]} {[%emt 00:00:37]} b4 {[%clk
01:08:03]} {[%emt 00:02:41]} 14. Bb2 {[%clk 01:08:55]} {[%emt 00:02:19]} Qb6
{[%clk 00:59:22]} {[%emt 00:09:03]} 15. Bd3 {[%clk 01:02:51]} {[%emt 00:06:48]}
cxd4 {[%clk 00:58:15]} {[%emt 00:01:38]} 16. cxd4 {[%clk 01:02:28]} {[%emt
00:00:50]} Nxd4 {[%clk 00:56:27]} {[%emt 00:02:20]} 17. Bxa6 {[%clk 01:00:48]}
{[%emt 00:02:10]} Nxf3 {[%clk 00:56:38]} {[%emt 00:00:19]} 18. Bxg7 {[%clk
01:00:05]} {[%emt 00:01:12]} Kxg7 {[%clk 00:56:59]} {[%emt 00:00:10]} 19. Qxf3
{[%clk 01:00:15]} {[%emt 00:00:19]} Rxa6 {[%clk 00:56:55]} {[%emt 00:00:35]}
20. Qg4 {[%clk 00:57:31]} {[%emt 00:03:01]} Nf6 {[%clk 00:55:58]} {[%emt
00:01:40]} 21. Qh4 {[%clk 00:56:35]} {[%emt 00:01:17]} Qd4 {[%clk 00:55:30]}
{[%emt 00:00:45]} 22. Nd2 {[%clk 00:49:49]} {[%emt 00:07:32]} Qxd2 {[%clk
00:55:44]} {[%emt 00:00:22]} 23. Red1 {[%clk 00:49:13]} {[%emt 00:00:52]} Qe3
{[%clk 00:55:55]} {[%emt 00:00:28]} 24. Re1 {[%clk 00:48:23]} {[%emt 00:01:23]}
Qb6 {[%clk 00:56:10]} {[%emt 00:00:11]} 25. Rac1 {[%clk 00:47:40]} {[%emt
00:01:11]} Re8 {[%clk 00:55:50]} {[%emt 00:00:52]} 26. Re2 {[%clk 00:47:32]}
{[%emt 00:00:41]} e5 {[%clk 00:54:52]} {[%emt 00:01:24]} 27. fxe5 {[%emt
00:02:17]} Rxe5 {[%clk 00:54:02]} {[%emt 00:00:35]} 28. Rf1 {[%clk 00:46:01]}
{[%emt 00:00:54]} d5 {[%clk 00:54:16]} {[%emt 00:00:22]} 29. Qf4 {[%clk
00:45:00]} {[%emt 00:01:30]} Rxe4 {[%clk 00:54:20]} {[%emt 00:00:32]} 30. Rxe4
{[%clk 00:44:43]} {[%emt 00:00:47]} dxe4 {[%clk 00:54:42]} {[%emt 00:00:10]}
31. g4 {[%clk 00:44:04]} {[%emt 00:00:59]} Ra7 {[%clk 00:54:21]} {[%emt
00:00:48]} 32. g5 {[%clk 00:44:05]} {[%emt 00:00:37]} Nh5 {[%clk 00:54:43]}
{[%emt 00:00:11]} 33. Qxe4 {[%clk 00:41:32]} {[%emt 00:03:00]} Qb7 {[%clk
00:54:59]} {[%emt 00:00:09]} 34. Rxf7+ {[%clk 00:32:43]} {[%emt 00:09:24]} Qxf7
{[%clk 00:54:53]} {[%emt 00:00:41]} 35. Qd4+ {[%clk 00:32:07]} {[%emt
00:01:03]} Kg8 {[%clk 00:55:14]} {[%emt 00:00:07]} 36. Qd8+ {[%clk 00:32:13]}
{[%emt 00:00:21]} Qf8 {[%clk 00:55:31]} {[%emt 00:00:16]} 37. Qd5+ {[%clk
00:32:01]} {[%emt 00:00:44]} Rf7 {[%clk 00:55:40]} {[%emt 00:00:16]} 38. Kg2
{[%clk 00:29:32]} {[%emt 00:03:04]} Nf4+ {[%clk 00:55:58]} {[%emt 00:00:13]}
39. Kg3 {[%clk 00:29:25]} {[%emt 00:00:37]} Nxd5 {[%clk 00:56:23]} {[%emt
00:00:07]} 40. Kg2 {[%clk 00:29:35]} {[%emt 00:00:18]} Ne3+ {[%clk 00:56:24]}
{[%emt 00:00:31]} 41. Kg3 {[%clk 00:29:44]} {[%emt 00:00:20]} Rf3+ {[%clk
00:56:43]} {[%emt 00:00:08]} 42. Kh4 {[%clk 00:29:58]} {[%emt 00:00:19]} Qf4#
{[%clk 00:57:07]} {[%emt 00:00:06]} 0-1

[Event "DEM U10w 2022"]
[Site "Willingen GER"]
[Date "2022.06.07"]
[Round "5"]
[White "Hladeniuk, Yelyzaveta"]
[Black "Fruth, Julia"]
[Result "1-0"]
[Termination "normal"]
[Board "6"]
[WhiteElo "1019"]
[BlackElo "1037"]
[WhiteClock "00:48:27"]
[BlackClock "00:43:35"]
[PlyCount "53"]
[WhiteFideId "34176128"]
[BlackFideId "34603050"]
[EventCountry "GER"]
[EventRounds "11"]
[EventType "swiss"]
[EventDate "2022.06.04"]

1. d4 {[%clk 01:15:58]} {[%emt 00:00:02]} Nf6 {[%clk 01:16:18]} {[%emt
00:00:12]} 2. c4 {[%clk 01:16:22]} {[%emt 00:00:07]} e5 {[%clk 01:16:42]}
{[%emt 00:00:06]} 3. dxe5 {[%clk 01:13:08]} {[%emt 00:03:43]} Ng4 {[%clk
01:16:24]} {[%emt 00:00:48]} 4. Nf3 {[%clk 01:11:48]} {[%emt 00:01:51]} Bc5
{[%clk 01:16:45]} {[%emt 00:00:09]} 5. e3 {[%clk 01:11:58]} {[%emt 00:00:19]}
Nc6 {[%clk 01:17:07]} {[%emt 00:00:08]} 6. Be2 {[%clk 01:12:18]} {[%emt
00:00:11]} O-O {[%clk 01:17:16]} {[%emt 00:00:20]} 7. O-O {[%clk 01:12:37]}
{[%emt 00:00:11]} Ngxe5 {[%clk 01:17:22]} {[%emt 00:00:25]} 8. Nxe5 {[%clk
01:12:41]} {[%emt 00:00:25]} Nxe5 {[%clk 01:17:40]} {[%emt 00:00:12]} 9. Nd2
{[%clk 01:11:24]} {[%emt 00:01:48]} Re8 {[%clk 01:17:54]} {[%emt 00:00:16]} 10.
Nf3 {[%clk 01:11:34]} {[%emt 00:00:19]} b6 {[%clk 01:14:58]} {[%emt 00:03:26]}
11. b3 {[%clk 01:11:45]} {[%emt 00:00:20]} Bb7 {[%clk 01:15:04]} {[%emt
00:00:23]} 12. Bb2 {[%clk 01:11:48]} {[%emt 00:00:27]} Nxf3+ {[%clk 01:13:05]}
{[%emt 00:02:29]} 13. Bxf3 {[%clk 01:10:44]} {[%emt 00:01:35]} Rb8 {[%clk
01:11:30]} {[%emt 00:02:05]} 14. Bxb7 {[%clk 01:07:53]} {[%emt 00:03:21]} Rxb7
{[%clk 01:11:52]} {[%emt 00:00:08]} 15. Qf3 {[%clk 01:08:00]} {[%emt 00:00:22]}
c6 {[%clk 01:10:34]} {[%emt 00:01:48]} 16. Qg4 {[%clk 01:05:52]} {[%emt
00:02:37]} Bf8 {[%clk 01:10:47]} {[%emt 00:00:18]} 17. Rfd1 {[%clk 01:04:58]}
{[%emt 00:01:24]} Qc7 {[%clk 01:10:35]} {[%emt 00:00:42]} 18. Rd4 {[%clk
01:03:48]} {[%emt 00:01:38]} Re6 {[%clk 01:08:21]} {[%emt 00:02:44]} 19. Rad1
{[%clk 01:02:03]} {[%emt 00:02:16]} d6 {[%clk 01:02:12]} {[%emt 00:06:40]} 20.
Qg3 {[%clk 00:56:21]} {[%emt 00:06:12]} Rg6 {[%clk 01:01:32]} {[%emt 00:01:10]}
21. Rg4 {[%clk 00:55:01]} {[%emt 00:01:51]} Rxg4 {[%clk 01:01:20]} {[%emt
00:00:41]} 22. Qxg4 {[%clk 00:53:05]} {[%emt 00:02:25]} b5 {[%clk 00:57:44]}
{[%emt 00:04:06]} 23. Rc1 {[%clk 00:51:18]} {[%emt 00:02:19]} bxc4 {[%clk
00:55:44]} {[%emt 00:02:30]} 24. Qxc4 {[%clk 00:50:46]} {[%emt 00:01:02]} Rb6
{[%clk 00:49:57]} {[%emt 00:06:16]} 25. Bc3 {[%clk 00:48:27]} {[%emt 00:02:49]}
Rb5 {[%clk 00:47:13]} {[%emt 00:03:12]} 26. Bd2 {[%emt 00:03:05]} Rd5 {[%clk
00:43:35]} {[%emt 00:03:25]} 27. Qxd5 {[%emt 00:04:30]} 1-0

[Event "DEM U10w 2022"]
[Site "Willingen GER"]
[Date "2022.06.07"]
[Round "5"]
[White "Weyerer, Elea"]
[Black "Frydel, Helena"]
[Result "1/2-1/2"]
[Termination "normal"]
[Board "8"]
[WhiteElo "876"]
[BlackElo "1141"]
[WhiteClock "00:57:48"]
[BlackClock "00:21:56"]
[PlyCount "101"]
[WhiteFideId "34605770"]
[BlackFideId "16266536"]
[EventCountry "GER"]
[EventRounds "11"]
[EventType "swiss"]
[EventDate "2022.06.04"]

1. d4 {[%clk 01:15:58]} {[%emt 00:00:01]} d5 {[%clk 01:15:55]} {[%emt
00:00:05]} 2. Bf4 {[%clk 01:16:22]} {[%emt 00:00:06]} Bf5 {[%clk 01:16:17]}
{[%emt 00:00:07]} 3. c4 {[%clk 01:16:44]} {[%emt 00:00:09]} e6 {[%clk
01:16:42]} {[%emt 00:00:05]} 4. Nc3 {[%clk 01:16:51]} {[%emt 00:00:23]} Bd6
{[%clk 01:16:43]} {[%emt 00:00:30]} 5. Bxd6 {[%clk 01:16:54]} {[%emt 00:00:27]}
Qxd6 {[%clk 01:16:38]} {[%emt 00:00:35]} 6. Qb3 {[%clk 01:16:54]} {[%emt
00:00:30]} Qb6 {[%clk 01:14:03]} {[%emt 00:02:54]} 7. c5 {[%clk 01:17:11]}
{[%emt 00:00:24]} Qxb3 {[%clk 01:13:29]} {[%emt 00:01:03]} 8. axb3 {[%clk
01:17:32]} {[%emt 00:00:09]} c6 {[%clk 01:13:29]} {[%emt 00:00:30]} 9. Nf3
{[%clk 01:17:11]} {[%emt 00:00:49]} Nf6 {[%clk 01:13:34]} {[%emt 00:00:27]} 10.
e3 {[%clk 01:16:59]} {[%emt 00:00:43]} O-O {[%clk 01:13:45]} {[%emt 00:00:19]}
11. b4 {[%clk 01:16:10]} {[%emt 00:01:18]} b5 {[%clk 01:11:23]} {[%emt
00:02:50]} 12. cxb6 {[%clk 01:15:50]} {[%emt 00:00:52]} a6 {[%clk 01:07:26]}
{[%emt 00:04:27]} 13. b5 {[%clk 01:15:02]} {[%emt 00:01:18]} cxb5 {[%clk
01:07:06]} {[%emt 00:00:50]} 14. Nxb5 {[%clk 01:15:12]} {[%emt 00:00:20]} Nbd7
{[%clk 00:58:42]} {[%emt 00:08:53]} 15. b7 {[%clk 01:12:42]} {[%emt 00:03:02]}
Rab8 {[%clk 00:57:54]} {[%emt 00:01:11]} 16. Nd6 {[%clk 01:12:45]} {[%emt
00:00:32]} Ne4 {[%clk 00:55:25]} {[%emt 00:02:56]} 17. Nxf5 {[%clk 01:12:08]}
{[%emt 00:01:10]} exf5 {[%clk 00:55:42]} {[%emt 00:00:14]} 18. Bxa6 {[%clk
01:12:10]} {[%emt 00:00:28]} Nd6 {[%clk 00:55:04]} {[%emt 00:01:08]} 19. Rc1
{[%clk 01:10:25]} {[%emt 00:02:15]} f4 {[%clk 00:48:03]} {[%emt 00:07:29]} 20.
O-O {[%clk 01:09:29]} {[%emt 00:01:29]} Nc4 {[%clk 00:37:54]} {[%emt 00:10:35]}
21. Bxc4 {[%clk 01:07:30]} {[%emt 00:02:33]} dxc4 {[%clk 00:38:15]} {[%emt
00:00:09]} 22. Rxc4 {[%clk 01:07:11]} {[%emt 00:00:49]} Rxb7 {[%clk 00:37:35]}
{[%emt 00:01:09]} 23. exf4 {[%clk 01:06:53]} {[%emt 00:00:48]} Rxb2 {[%clk
00:37:52]} {[%emt 00:00:14]} 24. Rfc1 {[%clk 01:06:49]} {[%emt 00:00:32]} Nb6
{[%clk 00:34:18]} {[%emt 00:04:05]} 25. R4c2 {[%clk 01:05:06]} {[%emt
00:02:12]} Rb5 {[%clk 00:32:48]} {[%emt 00:04:32]} 26. Ne5 {[%clk 01:04:55]}
{[%emt 00:00:39]} f6 {[%clk 00:28:46]} {[%emt 00:04:31]} 27. Nc4 {[%clk
01:04:36]} {[%emt 00:00:51]} Nxc4 {[%clk 00:28:33]} {[%emt 00:00:44]} 28. Rxc4
{[%clk 01:04:46]} {[%emt 00:00:20]} Re8 {[%clk 00:28:13]} {[%emt 00:00:49]} 29.
g3 {[%clk 01:04:32]} {[%emt 00:00:40]} Rd5 {[%clk 00:27:25]} {[%emt 00:01:13]}
30. Rd1 {[%clk 01:04:23]} {[%emt 00:00:48]} Red8 {[%clk 00:26:27]} {[%emt
00:01:29]} 31. Kg2 {[%clk 01:03:46]} {[%emt 00:01:04]} Kf7 {[%clk 00:26:49]}
{[%emt 00:00:10]} 32. Kf3 {[%clk 01:04:10]} {[%emt 00:00:06]} Ke6 {[%clk
00:27:09]} {[%emt 00:00:10]} 33. Ke4 {[%clk 01:04:31]} {[%emt 00:00:10]} Ra8
{[%clk 00:26:12]} {[%emt 00:01:24]} 34. Rd2 {[%clk 01:02:24]} {[%emt 00:02:39]}
Ra1 {[%clk 00:25:25]} {[%emt 00:01:16]} 35. Rc5 {[%clk 01:02:20]} {[%emt
00:00:35]} f5+ {[%clk 00:22:52]} {[%emt 00:03:04]} 36. Kd3 {[%clk 01:02:07]}
{[%emt 00:00:42]} Ra5 {[%clk 00:22:45]} {[%emt 00:00:36]} 37. Rxa5 {[%clk
01:02:08]} {[%emt 00:00:31]} Rxa5 {[%clk 00:23:09]} {[%emt 00:00:05]} 38. h3
{[%clk 01:01:47]} {[%emt 00:00:51]} Kd5 {[%clk 00:23:12]} {[%emt 00:00:27]} 39.
g4 {[%clk 01:01:33]} {[%emt 00:00:43]} g6 {[%clk 00:23:18]} {[%emt 00:00:25]}
40. f3 {[%clk 01:01:38]} {[%emt 00:00:23]} Ra3+ {[%clk 00:22:57]} {[%emt
00:00:53]} 41. Ke2 {[%clk 01:01:39]} {[%emt 00:00:29]} Ra4 {[%clk 00:23:16]}
{[%emt 00:00:11]} 42. Kd3 {[%clk 01:01:20]} {[%emt 00:00:39]} Rxd4+ {[%clk
00:23:21]} {[%emt 00:00:36]} 43. Ke3 {[%clk 01:01:43]} {[%emt 00:00:07]} Rxd2
{[%clk 00:23:44]} {[%emt 00:00:07]} 44. Kxd2 {[%clk 01:02:07]} {[%emt
00:00:06]} Kd4 {[%clk 00:24:07]} {[%emt 00:00:07]} 45. Ke2 {[%clk 01:02:30]}
{[%emt 00:00:07]} h5 {[%clk 00:21:46]} {[%emt 00:02:51]} 46. Kf2 {[%clk
01:02:21]} {[%emt 00:00:39]} Kd3 {[%clk 00:21:55]} {[%emt 00:00:21]} 47. Kg3
{[%clk 01:02:38]} {[%emt 00:00:12]} Ke3 {[%clk 00:22:18]} {[%emt 00:00:07]} 48.
h4 {[%clk 01:00:39]} {[%emt 00:02:29]} Ke2 {[%clk 00:21:20]} {[%emt 00:01:29]}
49. gxf5 {[%clk 00:57:48]} {[%emt 00:03:21]} gxf5 {[%clk 00:21:41]} {[%emt
00:00:09]} 50. Kg2 {[%clk 00:57:48]} {[%emt 00:00:30]} Ke1 {[%clk 00:21:56]}
{[%emt 00:00:14]} 51. Kg3 {[%emt 00:00:38]} 1/2-1/2